书目信息 |
| 题名: |
解构幕墙
|
|
| 作者: | 章一峰 , 王伟 主编 | |
| 分册: | ||
| 出版信息: | 延吉 延边大学出版社 2019 |
|
| 页数: | 267页 | |
| 开本: | 26cm | |
| 丛书名: | ||
| 单 册: | ||
| 中图分类: | TU227 | |
| 科图分类: | ||
| 主题词: | 幕墙--建筑构造 | |
| 电子资源: | ||
| ISBN: | 978-7-5688-5190-9 | |
| 000 | 00934nam0 2200241 45 | |
| 001 | 012001003363 | |
| 005 | 20140130113438.0 | |
| 010 | @a978-7-5688-5190-9@dCNY68.00 | |
| 100 | @a20181031d2018 em y0chiy0110 ea | |
| 101 | 0 | @achi |
| 102 | @aCN@b220000 | |
| 105 | @ay z 000yy | |
| 106 | @ar | |
| 200 | 1 | @a解构幕墙@9jie gou mu qiang@f章一峰,王伟主编 |
| 210 | @a延吉@c延边大学出版社@d2019 | |
| 215 | @a267页@d26cm | |
| 330 | @a本书经历了三年多的编写,很多人为了书中的一些论据提供了图纸、数据,内容包含了幕墙方案设计、幕墙设计管理、幕墙施工安装和幕墙维修改造,通过一个个已经建成或即将落地的具体案例,全方位得呈现出幕墙是怎样产生的、幕墙是怎样结合的、幕墙是怎样规避各类存在的风险的,幕墙是怎样实现建筑师那些超越时空的想法的。 | |
| 606 | 0 | @a幕墙@x建筑构造 |
| 690 | @aTU227@v5 | |
| 701 | 0 | @a章一峰@9zhang yi feng@4主编 |
| 701 | 0 | @a王伟@9wang wei@4主编 |
| 801 | 0 | @aCN@b北京卓展@c20191020 |
| 905 | @b1211363-6@dTU227@e1579@f4 | |
| 解构幕墙/章一峰,王伟主编.-延吉:延边大学出版社,2019 |
| 267页;26cm |
| ISBN 978-7-5688-5190-9:CNY68.00 |
| 本书经历了三年多的编写,很多人为了书中的一些论据提供了图纸、数据,内容包含了幕墙方案设计、幕墙设计管理、幕墙施工安装和幕墙维修改造,通过一个个已经建成或即将落地的具体案例,全方位得呈现出幕墙是怎样产生的、幕墙是怎样结合的、幕墙是怎样规避各类存在的风险的,幕墙是怎样实现建筑师那些超越时空的想法的。 |
| ● |
| 相关链接 |
|
|
|
|
正题名:解构幕墙
索取号:TU227/1579
 
预约/预借
| 序号 | 登录号 | 条形码 | 馆藏地/架位号 | 状态 | 备注 |
| 1 | 1211363 | 212113639 | 第二样本阅览室/ [索取号:TU227/1579] | 在馆 | |
| 2 | 1211364 | 212113648 | 第三借阅区/ [索取号:TU227/1579] | 在馆 | |
| 3 | 1211365 | 212113657 | 第三借阅区/ [索取号:TU227/1579] | 在馆 | |
| 4 | 1211366 | 212113666 | 第三借阅区/ [索取号:TU227/1579] | 在馆 |